00799nam a2200253 a 450000500170000000800410001701000140005802000260007202000230009803500130012103700150013404000180014908200100016724501250017726000460030230000250034850000200037365000120039365000320040565000450043765000260048270000210050870000160052920020626165708.0000825s2001 nyu | b 00| 0 eng  aENG-91570 a9780195698503c695.00 a0195698509c695.00 aEN-75103 bDBAD / PUB adplbEnglish  a333.2 aThe contested commons:cedited by Pranab Bardhan (and) Isha Ray bconversations between economists and anthropologists / aNew Delhi bOxford University Pressc2008 ax, 289p.c24 cm (Hb) aIncludes index  aCommons aNatural resources, Communal aCommunication in international relations aEconomic anthropology aBardhan, Pranab  aRay, Isha